| 000 | 00946nac a22002895a 4500 | ||
|---|---|---|---|
| 008 | 090303t2006 enka f b 001 0 eng d | ||
| 010 | _a 99044935 | ||
| 020 | _a0321269675 | ||
| 020 | _a978321569676 | ||
| 040 |
_aEG-ScBUE _beng _cEG-ScBUE |
||
| 082 | 0 | 4 |
_a005.117 _bSTE _222 |
| 100 | 1 | _aStevens, Perdita. | |
| 245 | 1 | 0 |
_aUsing UML : _bSoftware engineering with objects and components / _cPerdita Stevens, with Rob Pooley. |
| 250 | _a2nd ed. | ||
| 260 |
_aHarlow : _bPearson education limited, _cc.2006. |
||
| 300 |
_axxi, 248 p. : _bill. ; _c24 cm. |
||
| 490 | _aAddison-Wesley object technology series | ||
| 500 | _aIndex : p. 245-248 | ||
| 504 | _aBibliography : p. 241-243. | ||
| 590 | _acatalogued by : Mostafa El-Helaly | ||
| 650 | 0 |
_aSoftware engineering. _2BUEsh |
|
| 650 | 0 |
_aUML (Computer science) _2BUEsh |
|
| 651 | _2BUEsh | ||
| 653 | _cAugust2015 | ||
| 700 | 1 | _aPooley, R. J. | |
| 942 |
_cBB _k005.117STE _2ddc |
||
| 999 |
_c8102 _d8102 |
||